|
|
|
|
| LEADER |
00000cam a2200000 a 4500 |
| 001 |
vtls009887592 |
| 003 |
SK-MaSNL |
| 005 |
20260301171904.0 |
| 008 |
240318s1976 xo crp 000 0 slo |
| 015 |
|
|
|a SNBA1976/11
|
| 040 |
|
|
|a SNK
|b slo
|c SNK
|e AACR2
|
| 041 |
1 |
|
|a slo
|h cze
|
| 044 |
|
|
|a xo
|c SK
|
| 080 |
|
|
|a 37.011(075.2)
|2 1981
|
| 100 |
1 |
|
|a Ladman, Jaroslav,
|d 1929-1981
|4 aut
|9 115115
|
| 245 |
1 |
0 |
|a Občianska výchova pre 8. ročník ZDŠ
|c Jaroslav Ladman ; [z českého originálu preložil František Paller]
|
| 250 |
|
|
|a 1. vyd.
|
| 260 |
|
|
|a Bratislava
|b Slovenské pedagogické nakladateľstvo
|c 1976
|e Bratislava
|f Polygrafické závody
|
| 300 |
|
|
|a 134 s.,8,69 AH
|
| 500 |
|
|
|a Preložené z češtiny
|
| 650 |
0 |
7 |
|a náuka o spoločnosti
|2 SNKPH
|9 67462
|
| 655 |
|
7 |
|a učebnice základných škôl
|2 SNKPH
|9 70187
|
| 700 |
1 |
|
|a Paller, František,
|d 1927-
|4 trl
|9 37957
|
| 958 |
|
|
|a OND
|
| 999 |
|
|
|c 831791
|d 833721
|
| 952 |
|
|
|a SNK
|b SNK
|y VYP
|7 0
|p 17A1137818
|o snkSC 39655 D1
|i snkKSP 6441/76
|0 0
|1 0
|4 0
|d 2015-02-18
|l 0
|r 2026-02-24 03:41:26
|w 2026-02-24
|